| 000 | 00436cam a2200157 i 4500 | ||
|---|---|---|---|
| 020 | _a0281028494 | ||
| 041 | _aENG | ||
| 082 | 0 | 0 |
_a291 _bBRO |
| 100 | 1 | _aBrown, David, | |
| 245 | 1 | 2 | _aA guide to religions |
| 260 |
_aLondon : _bS.P.C.K. : United Society for Christian Literature for the Theological Education Fund, _c1975. |
||
| 300 |
_axiv, 271 p. : _bill., map ; |
||
| 500 | _aIncludes index. | ||
| 650 | 0 | _aReligions. | |
| 942 | _cBK | ||
| 999 |
_c22946 _d22946 |
||